QUALITY MANAGEMENT SYSTEM (Record no. 128902)

MARC details
000 -LEADER
fixed length control field 00321pam a2200133 a 4500
020 ## - INTERNATIONAL STANDARD BOOK NUMBER
International Standard Book Number 0-8311-3013-X
Terms of availability
041 ## - LANGUAGE CODE
Language code of original
082 ## - DEWEY DECIMAL CLASSIFICATION NUMBER
Classification number 658.562
Item number WIL
100 ## - MAIN ENTRY--PERSONAL NAME
Personal name WILLBORN W.,
245 ## - TITLE STATEMENT
Title QUALITY MANAGEMENT SYSTEM
Medium Textual Documents
260 ## - PUBLICATION, DISTRIBUTION, ETC.
Place of publication, distribution, etc. NEW YORK
Name of publisher, distributor, etc. INDUSTRIAL PRESS INC
Date of publication, distribution, etc. 1989
300 ## - PHYSICAL DESCRIPTION
Extent X+212
930 ## - EQUIVALENCE OR CROSS-REFERENCE-UNIFORM TITLE HEADING [LOCAL, CANADA]
Uniform title 9449
Holdings
Withdrawn status Lost status Damaged status Not for loan Collection Home library Current library Date acquired Total Checkouts Full call number Barcode Date last seen Copy number Price effective from Koha item type
          Institute of Management & Entrepreneurship Development, Pune Institute of Management & Entrepreneurship Development, Pune 19/04/2011   658.562 WIL IMP-IM-7864 01/03/2023 1 01/03/2023 Book